000 00631nam a2200229 i 4500
001 C2-0286528
003 PPAK
005 20180728015949.0
008 080124s2006 my a|||| ||||| | may d
020 _a9789679695403
040 _aPPAK
_beng
_cPPAK
_erda
082 0 4 _a641.8653
_223
090 0 0 _a641.8653
_bLAN
_dR
245 0 0 _aLangkah demi langkah bersama Chef Anuar
264 1 _aKuala Lumpur :
_bBerita Publishing ,
_c2006
300 _a96 pages :
_bcolour illustrations ;
_c21 cm
336 _2rdacontent
_atext
337 _2rdamedia
_aunmediated
338 _2rdacarrier
_avolume
650 1 0 _aCakes
942 _ddc
_cB
999 _c92273
_d92273